Católicos y liberales : el movimiento estudiantil en la Universidad de Valencia (1875-1939)

Furkejuvvon:
Bibliográfalaš dieđut
Váldodahkki: Perales Birlanga, Germán (Dahkki, autor)
Materiálatiipa: E-girji
Giella:espánnjágiella
Almmustuhtton: [Valencia] Publicacions de la Universitat de València 2009.
Ráidu:Història
Fáttát:
Liŋkkat:https://elibro.unach.elogim.com/es/lc/unach/titulos/291911
Fáddágilkorat: Lasit fáddágilkoriid
Eai fáddágilkorat, Lasit vuosttaš fáddágilkora!

MARC

LEADER 00000nam a2200000 i 4500
001 ELB291911
003 FINmELB
005 20251210014240.0
006 m o d |
007 cr cnu||||||||
008 260219s2009 sp o 001 0 spa d
020 |a 9788437083100  |q (ebook) 
020 |z 9788437075518 
035 |a (OCoLC)991928278 
040 |a FINmELB  |b eng  |e rda  |c FINmELB 
050 4 |a LF4713  |b .P473 2009 
080 |a 323.25-057.87(460.313 V.)"18/19" 
080 |a 378.4(460.313 V.)"18/19" 
082 0 4 |a 378.467  |2 23 
100 1 |a Perales Birlanga, Germán  |e autor  |4 aut 
245 1 0 |a Católicos y liberales :  |b el movimiento estudiantil en la Universidad de Valencia (1875-1939)  |c Germán Perales Birlanga 
264 1 |a [Valencia]  |b Publicacions de la Universitat de València  |c 2009. 
300 |a 1 recurso en línea 
336 |a texto  |b txt  |2 rdamedia/spa 
337 |a computadora  |b c  |2 rdamedia/spa 
338 |a recurso en línea  |b cr  |2 rdacarrier/spa 
490 1 |a Història 
500 |a Incluye apéndice documental 
504 |a Bibliografía: páginas 421-433. Índice 
588 |a Descripción basada en metadatos suministrados por el editor y otras fuentes. 
590 |a Recurso electrónico. Santa Fe, Arg.: elibro, 2026. Disponible vía World Wide Web. El acceso puede estar limitado para las bibliotecas afiliadas a elibro. 
610 2 4 |a Universitat de València  |v Historia 
650 4 |a Movimientos estudiantiles  |z Valencia  |v Historia 
655 4 |a Libros electrónicos. 
797 2 |a elibro, Corp. 
830 0 |a Història 
856 4 0 |u https://elibro.unach.elogim.com/es/lc/unach/titulos/291911